Spotřební chování a marketing

Guardado en:
Detalles Bibliográficos
Autor principal: Koudelka, Jan
Formato: Libro
Lenguaje:checo
Publicado: Praha GRADA Publishing 1997
Materias:
Etiquetas: Agregar Etiqueta
Sin Etiquetas, Sea el primero en etiquetar este registro!

MARC

LEADER 00000nam a2200000 4500
001 c102521
005 20221124074003.2
020 |a 80-7169-372-3 
041 0 |a cze 
044 |a CZ 
245 1 0 |a Spotřební chování a marketing  |c Jan Koudelka 
264 1 |a Praha  |b GRADA Publishing  |c 1997 
300 |a 191 s. 
610 2 0 |a spotreba 
610 2 0 |a spotrebitelia 
610 2 0 |a správanie spotrebiteľa 
610 2 0 |a marketing 
610 2 0 |a kultúra 
610 2 0 |a postavenie sociálne 
610 2 0 |a rozhodovanie 
610 2 0 |a nákup 
610 2 0 |a výrobky 
610 2 0 |a segmentácia trhu 
100 1 |a Koudelka, Jan